| 000 | 00767nam a22002415a 4500 | ||
|---|---|---|---|
| 005 | 20170111121322.0 | ||
| 008 | 170110s2016 gw a frb 000 0 eng d | ||
| 020 | _a9783659763168 | ||
| 040 |
_aEG-ScBUE _beng _cEG-ScBUE _dEG-ScBUE |
||
| 082 | 0 | 4 |
_a615.77 _bHOS _222 |
| 100 | 1 | _aHosny, Hadia. | |
| 245 | 1 | 0 |
_aDexamethasone in the transdifferentiation of pancreatic buds / _cHadia Hosny. |
| 260 |
_aSaarbrücken : _bLAP LAMBERT Academic Publishing, _c2016. |
||
| 300 |
_a69 p. : _bill. ; _c24 cm. |
||
| 504 | _aBibliography : p. 63-69. | ||
| 590 | _aComposed by BUE staff. | ||
| 650 | 7 |
_aCell differentiation. _2BUEsh |
|
| 650 | 7 |
_aPancreas. _2BUEsh |
|
| 650 | 7 |
_aAdrenocortical hormones. _2BUEsh |
|
| 651 | _2BUEsh | ||
| 653 |
_bPPhrm _cJanuary2017 |
||
| 942 | _2ddc | ||
| 999 |
_c23880 _d23852 |
||